[Event "Ch Europe (juniors) (under 18)"]
[Site "masterchessopen.com – Batumi (Georgia)"]
[Date "2010.09.20"]
[Round "1"]
[White "Potpara Nikola (MNE)"]
[Black "Firat Burak (TUR)"]
[Result "0-1"]
[WhiteElo "2157"]
[BlackElo "2424"]

1.d4 Nf6 2.c4 g6 3.Nc3 d5 4.Qb3 dxc4 5.Qxc4 Bg7 6.e4 O-O 7.Be2 b6 8.Bf4 Ba6
9.Qxc7 Qxd4 10.Rd1 Qb4 11.Rd2 Bxe2 12.Ngxe2 Na6 13.a3 Nxc7 14.axb4 Na6 15.Be5
Rfc8 16.Bxf6 Bxf6 17.O-O Rc4 18.b5 Nc5 19.f3 e6 20.Rfd1 Rb4 21.g3 Nb3 22.Rd7
Nc5 23.R7d2 Kf8 24.h4 Ke8 25.Kg2 Nb3 26.Rd7 Na5 27.f4 Nc4 28.Kh3 Nxb2 29.R1d2
Nc4 30.R2d3 Na5 31.e5 Be7 32.Rc7 Bd8 33.Rcd7 Rc4 34.Nd1 h5 35.g4 hxg4+ 36.Kxg4
Be7 37.Ne3 Rc5 38.h5 gxh5+ 39.Kxh5 Rxb5 40.Nc3 Rb3 41.f5 Rd8 42.Rxd8+ Bxd8
43.Nc2 Nc6 44.fxe6 fxe6 45.Re3 Bc7 {#R} 0-1

[Event "Ch Europe (juniors) (under 18)"]
[Site "masterchessopen.com – Batumi (Georgia)"]
[Date "2010.09.22"]
[Round "3"]
[White "Potpara Nikola (MNE)"]
[Black "Csiba Dominik (SVK)"]
[Result "0-1"]
[WhiteElo "2157"]
[BlackElo "2389"]

1.d4 Nf6 2.c4 g6 3.Nc3 d5 4.Qb3 dxc4 5.Qxc4 Bg7 6.e4 O-O 7.Be2 Nc6 8.Be3 e5
9.d5 Nd4 10.Qd3 c6 11.dxc6 bxc6 12.Nf3 Nxe2 13.Qxe2 Qa5 14.O-O Ba6 15.Qc2 Bxf1
16.Rxf1 Rab8 17.a3 Nh5 18.Na4 Qb5 19.b4 Nf4 20.Bxf4 exf4 21.Nc5 Rbd8 22.e5 Rd5
23.Qc1 Rfd8 24.Re1 a5 25.Qxf4 Rd1 26.Qe4 axb4 27.axb4 Rxe1+ 28.Qxe1 Qc4 29.g3
Qd5 30.Qe3 Re8 31.e6 fxe6 32.h4 Rb8 33.Na6 Rf8 34.Ng5 Ra8 35.Qe2 Bd4 36.Nxe6
Rxa6 37.Qxa6 Qxe6 {#R} 0-1

[Event "Tournament (open)"]
[Site "masterchessopen.com – Nago-Torbole (Italy)"]
[Date "2010.12.29"]
[Round "6"]
[White "Viola Enrico (ITA)"]
[Black "Trento Giacomo (ITA)"]
[Result "1-0"]
[WhiteElo "1865"]
[BlackElo "1876"]

1.c4 Nf6 2.d4 g6 3.Nc3 d5 4.Qb3 dxc4 5.Qxc4 a6 6.e4 b5 7.Qd3 Nc6 8.Nf3 Bg4
9.Be3 Bxf3 10.gxf3 e5 11.d5 Na5 12.Bg5 Bg7 13.Bh3 h6 14.Bd2 Nh5 15.Nxb5 Nf4
16.Bxf4 exf4 17.Nc3 O-O 18.O-O Qh4 19.Bg2 Rfe8 20.Rac1 Re5 21.b4 Rg5 22.Ne2
Be5 23.bxa5 Qh3 24.Ng3 Qh4 25.Rc6 fxg3 26.fxg3 Rxg3 27.Qe2 Bd4+ 28.Kh1 Rb8
29.Rc2 Be5 30.f4 Bxf4 31.Rxf4 Rxg2 32.Rxh4 Rxe2 33.Rxe2 {#r} 1-0

[Event "It (open)"]
[Site "masterchessopen.com – Moscow (Russia)"]
[Date "2011.02.02"]
[Round "5"]
[White "Bocharov Dmitry (RUS)"]
[Black "Bukavshin Ivan (RUS)"]
[Result "0-1"]
[WhiteElo "2582"]
[BlackElo "2539"]

1.d4 Nf6 2.c4 g6 3.Nc3 d5 4.Qb3 c5 5.cxd5 cxd4 6.Qa4+ Nbd7 7.Qxd4 Bg7 8.e4 O-O
9.Nf3 Nb6 10.Qd1 Bg4 11.h3 Bxf3 12.Qxf3 Rc8 13.Bd3 Nfd7 14.O-O f5 15.exf5 Ne5
16.Qe2 Nxd3 17.Qxd3 Rxf5 18.Qe2 Re5 19.Be3 Nc4 20.Kh1 Bh6 21.Qf3 Rf5 22.Qe4
Re5 23.Qf3 Rf5 24.Qe4 Re5 25.Qh4 Bxe3 26.fxe3 Qb6 27.Qg4 Nd6 28.Rf2 Rxe3
29.Raf1 Re5 30.Qg3 Qe3 31.Rf3 Qg5 32.Qf2 Rf5 33.Rxf5 Nxf5 34.g4 Ne3 35.Qf7+
{#R} 0-1

[Event "Czech League 2010/11 (krajsky prebor)"]
[Site "masterchessopen.com – Czech Republic"]
[Date "2011.02.27"]
[Round "0"]
[White "Hrdina Jiri"]
[Black "Hosek Martin"]
[Result "0-1"]
[WhiteElo "1960"]
[BlackElo "2017"]

1.d4 Nf6 2.c4 g6 3.Nc3 d5 4.Qb3 dxc4 5.Qxc4 c6 6.e4 Be6 7.Qd3 Bg7 8.Nf3 Na6
9.b3 Nb4 10.Qd1 Bg4 11.Be2 Bxf3 12.Bxf3 Qxd4 13.Bb2 Nd3+ {#R} 0-1

[Event "Extraliga 2010/11"]
[Site "masterchessopen.com – Slovakia"]
[Date "2011.03.12"]
[Round "7"]
[White "Babula Vlastimil (CZE)"]
[Black "Maslik Miroslav (SVK)"]
[Result "0-1"]
[WhiteElo "2572"]
[BlackElo "2356"]

1.d4 Nf6 2.c4 g6 3.Nc3 d5 4.Qb3 dxc4 5.Qxc4 Bg7 6.e4 O-O 7.Be2 a6 8.Bf4 b5
9.Qxc7 Qxc7 10.Bxc7 Bb7 11.f3 Nc6 12.d5 Nd4 13.Bd3 Nd7 14.Nge2 Nc5 15.Rd1 Nxe2
16.Bxe2 b4 17.Nb1 a5 18.O-O Bxb2 19.Bb5 Rfc8 20.Bb6 a4 21.Rf2 a3 22.Rdd2 b3
23.Rxb2 axb2 24.axb3 Nd7 25.Bd4 Rc1+ 26.Rf1 Ra1 27.Bd3 Rxf1+ 28.Kxf1 Ba6 {#R}
0-1

[Event "Ch Czech Republic (juniors) (under 10)"]
[Site "masterchessopen.com – Kouty nad Desnou (Czech Republic)"]
[Date "2011.03.13"]
[Round "2"]
[White "Kozbert Tomas"]
[Black "Pulpan Matej"]
[Result "0-1"]
[WhiteElo "1326"]
[BlackElo "1754"]

1.d4 Nf6 2.c4 g6 3.Nc3 d5 4.Qb3 dxc4 5.Qxc4 Be6 6.Qb5+ Nc6 7.Qxb7 Nxd4 8.Bd2
Nc2+ 9.Kd1 Nxa1 10.Qb5+ Bd7 11.Qd3 Bf5 12.e4 Qxd3 13.Bxd3 Be6 14.Nf3 O-O-O
15.Ba6+ Kb8 16.Kc1 Bxa2 17.Nxa2 Nb3+ 18.Kc2 Nxd2 19.Nxd2 Bh6 20.Rd1 Bxd2
21.Rxd2 Rxd2+ 22.Kxd2 Nxe4+ 23.Ke3 f5 24.Nb4 c5 25.Nc6+ Kc7 26.Nxe7 Re8
27.Nd5+ Kd6 28.Nf4 g5 29.Nd3 f4+ 30.Ke2 Kd5 31.f3 Nd6+ 32.Kd2 c4 33.Nb4+ Kc5
34.Nc2 Kb6 35.Bxc4 Nxc4+ 36.Kc3 Ne3 37.Nb4 a5 38.Nd3 Rc8+ {#R} 0-1

[Event "Ch Sweden (team) 2010/11"]
[Site "masterchessopen.com – Sweden"]
[Date "2011.03.13"]
[Round "11"]
[White "Berczes David (HUN)"]
[Black "Smith Axel (SWE)"]
[Result "1-0"]
[WhiteElo "2557"]
[BlackElo "2488"]

1.d4 Nf6 2.c4 g6 3.Nc3 d5 4.Qb3 dxc4 5.Qxc4 Bg7 6.e4 O-O 7.Be2 a6 8.Bf4 b5
9.Qxc7 Qxc7 10.Bxc7 Bb7 11.f3 Nc6 12.d5 Nd4 13.Bd3 Nd7 14.Rd1 Nc5 15.Bb1 b4
16.Nce2 Nxe2 17.Nxe2 Bxb2 18.Ba5 b3 19.axb3 Nxb3 20.Bb4 Rfe8 21.Rd3 Nc1 22.Rd2
Nxe2 23.Rxb2 Nd4 24.Kf2 Nb5 25.Rc1 Kf8 26.Ke3 Rec8 27.Rxc8+ Bxc8 28.Bd3 Bd7
29.Ra2 Ke8 30.h4 Nc7 31.Ba5 Nb5 32.Rc2 Rc8 33.Rxc8+ Bxc8 34.e5 Bb7 35.Bc4 Kd7
36.Bb3 f6 37.e6+ Ke8 38.g4 h6 39.Kd3 g5 40.h5 Nd6 41.Kd4 f5 42.Kc5 Bc8 43.Kb6
fxg4 44.fxg4 Nb5 45.Ba4 Kd8 46.Kc6+ Ke8 47.Bxb5 axb5 48.Kc7 Ba6 49.Bb4 {#r}
1-0

[Event "It (open)"]
[Site "masterchessopen.com – Pula (Croatia)"]
[Date "2011.06.18"]
[Round "1"]
[White "Tratar Marko (SLO)"]
[Black "Wetle Hoem Tor (NOR)"]
[Result "1-0"]
[WhiteElo "2477"]
[BlackElo "2020"]

1.d4 Nf6 2.c4 g6 3.Nc3 d5 4.Qb3 dxc4 5.Qxc4 Bg7 6.e4 O-O 7.Be2 Na6 8.Be3 c6
9.h3 Qa5 10.e5 Be6 11.exf6 Bxc4 12.fxg7 Kxg7 13.Bxc4 Nb4 14.O-O-O b5 15.Bb3 e6
16.Nf3 Qc7 17.Kb1 a5 18.a3 Na6 19.Ne4 a4 20.Ba2 b4 21.Ka1 bxa3 22.bxa3 Qe7
23.Nc5 Nc7 24.Ne5 Rfc8 25.Rb1 Nd5 26.Bxd5 cxd5 27.Rb7 Rc7 28.Rhb1 Rac8 29.Bf4
Qf6 30.g3 g5 31.Be3 Kg8 32.Ncd7 Qe7 33.Nc5 Qf6 34.Ng4 Qe7 35.f4 h5 36.Nh6+ Kh7
37.fxg5 Rxb7 38.Rxb7 Rc7 39.Rb4 e5 40.Nf5 Qf8 41.Rb6 Rxc5 42.dxc5 d4 43.Rh6+
Kg8 44.Bc1 Qxc5 45.Rc6 Qb5 46.g6 Qf1 47.Rc8# 1-0

[Event "Memorial A.Rubinstein (cat.8)"]
[Site "masterchessopen.com – Polanica Zdroj (Poland)"]
[Date "2011.08.21"]
[Round "2"]
[White "Sadzikowski Daniel (POL)"]
[Black "Tazbir Marcin (POL)"]
[Result "1-0"]
[WhiteElo "2388"]
[BlackElo "2520"]

1.d4 Nf6 2.c4 g6 3.Nc3 d5 4.Qb3 dxc4 5.Qxc4 Bg7 6.e4 O-O 7.Be2 Nfd7 8.Be3 Nb6
9.Qd3 Nc6 10.Rd1 f5 11.Nf3 f4 12.Bc1 Bg4 13.e5 Nb4 14.Qd2 e6 15.h3 Bf5 16.Qxf4
Bc2 17.Qd2 Bxd1 18.Qxd1 c5 19.Bg5 Qd7 20.dxc5 Qxd1+ 21.Kxd1 N4d5 22.cxb6 Nxc3+
23.bxc3 Rfc8 24.Kc2 axb6 25.Kb3 Rc5 26.a4 Rac8 27.Rc1 {#r} 1-0

[Event "It (open)"]
[Site "masterchessopen.com – Schwarzach (Austria)"]
[Date "2011.08.23"]
[Round "4"]
[White "Zakharchenko Arnold (UKR)"]
[Black "Jens Jelmer (NED)"]
[Result "0-1"]
[WhiteElo "2202"]
[BlackElo "2382"]

1.d4 Nf6 2.c4 g6 3.Nc3 d5 4.Qb3 dxc4 5.Qxc4 Bg7 6.Bf4 Na6 7.Nf3 O-O 8.e3 c5
9.dxc5 Qa5 10.Qb5 Qxb5 11.Bxb5 Nxc5 12.O-O a6 13.Be2 b5 14.Ne5 b4 15.Bf3 bxc3
16.Bxa8 cxb2 17.Rab1 Bf5 18.Bf3 Bxb1 19.Rxb1 Nfe4 20.h4 Rb8 21.Nd3 Nd2 22.Bxb8
Nxd3 23.Be2 Nxb1 {#R} 0-1

[Event "It (open)"]
[Site "masterchessopen.com – Oslo (Norway)"]
[Date "2011.10.05"]
[Round "5"]
[White "Elsness Frode (NOR)"]
[Black "Kovachev Daniel Jakobsen (NOR)"]
[Result "1-0"]
[WhiteElo "2491"]
[BlackElo "2332"]

1.d4 Nf6 2.c4 g6 3.Nc3 d5 4.Qb3 dxc4 5.Qxc4 Bg7 6.e4 O-O 7.Be2 a6 8.e5 Nfd7
9.Nf3 b5 10.Qb3 c5 11.e6 fxe6 12.Qxe6+ Kh8 13.dxc5 Nxc5 14.Qe3 Nbd7 15.O-O Bb7
16.Rd1 Qc8 17.Rb1 Nf6 18.b4 Nce4 19.Nxe4 Bxe4 20.Rb3 Qb7 21.Ng5 Bc2 22.Bf3 Qa7
23.Bxa8 Qxe3 24.Rxe3 Bxd1 25.Bb7 Ng4 26.Rxe7 Rxf2 27.Ne6 h6 28.h3 Be2 29.hxg4
Rf1+ 30.Kh2 Be5+ 31.Bf4 {#r} 1-0

[Event "Ch Montenegro (team) (1 liga)"]
[Site "masterchessopen.com – Tivat (Montenegro)"]
[Date "2011.10.08"]
[Round "1"]
[White "Potpara Nikola (MNE)"]
[Black "Rabrenovic Milinko (MNE)"]
[Result "1-0"]
[WhiteElo "2181"]
[BlackElo "2264"]

1.d4 Nf6 2.c4 g6 3.Nc3 d5 4.Qb3 dxc4 5.Qxc4 Bg7 6.e4 O-O 7.Be2 Nfd7 8.Be3 Nb6
9.Qd3 f5 10.Rd1 c6 11.Nf3 Be6 12.b3 Na6 13.Qd2 fxe4 14.Ng5 Bf5 15.Ngxe4 Nb4
16.O-O e5 17.dxe5 Qxd2 18.Rxd2 Bxe5 19.Bc5 Bxe4 20.Nxe4 Rf4 21.f3 N4d5 22.g3
Rf7 23.f4 Bg7 24.Bg4 Nf6 25.Nxf6+ Rxf6 26.Be7 Rf5 27.Bxf5 gxf5 28.Bc5 Nd5
29.Bd4 Bf8 30.Re2 Rd8 31.Bf2 Bd6 32.Rc1 a6 33.Bc5 Bc7 34.Rce1 Kf7 35.Re7+ Kg8
36.Re8+ Rxe8 37.Rxe8+ Kf7 38.Rf8+ Kg6 39.Bd4 h6 40.Rg8+ Kh5 41.h3 Bd6 42.Kg2
{#r} 1-0

[Event "It \"]
[Site "masterchessopen.com – Bastia (France)"]
[Date "2011.10.25"]
[Round "5"]
[White "Baron Tal (ISR)"]
[Black "Massoni Michael (FRA)"]
[Result "1-0"]
[WhiteElo "2505"]
[BlackElo "2304"]

1.d4 Nf6 2.c4 g6 3.Nc3 d5 4.Qb3 dxc4 5.Qxc4 a6 6.Bf4 c5 7.Rd1 cxd4 8.Nf3 Be6
9.Qxd4 Qxd4 10.Nxd4 Bd7 11.g3 Nc6 12.Bg2 Rc8 13.Nb3 Nd8 14.O-O Bc6 15.Bh3 Bd7
16.Bxd7+ Nxd7 17.Nd5 e6 18.Nc7+ Ke7 19.Bd6+ Kf6 20.Ne8+ Kf5 21.Bxf8 {#r} 1-0

[Event "Memorial Vasylyshyn (cat.9)"]
[Site "masterchessopen.com – Lvov (Ukraine)"]
[Date "2011.12.07"]
[Round "9"]
[White "Semcesen Daniel (SWE)"]
[Black "Ris Robert (NED)"]
[Result "1-0"]
[WhiteElo "2490"]
[BlackElo "2400"]

1.c4 Nf6 2.Nc3 d5 3.d4 g6 4.Qb3 dxc4 5.Qxc4 Bg7 6.e4 O-O 7.Be2 a6 8.Bf4 b5
9.Qxc7 Qxc7 10.Bxc7 Bb7 11.f3 Nc6 12.d5 Nd4 13.Bd3 Nd7 14.Rd1 Rfc8 15.Ba5 Nc5
16.Bb1 Rab8 17.Nge2 Nxe2 18.Kxe2 b4 19.Bxb4 a5 20.Bxc5 Ba6+ 21.Bd3 Rxb2+
22.Ke3 Rxc5 23.Na4 {#r} 1-0

[Event "It (open)"]
[Site "masterchessopen.com – Moscow (Russia)"]
[Date "2012.02.04"]
[Round "8"]
[White "Aleksandrov Aleksej (BLR)"]
[Black "Khusnutdinov Rustam (KAZ)"]
[Result "1-0"]
[WhiteElo "2612"]
[BlackElo "2492"]

1.d4 Nf6 2.c4 g6 3.Nc3 d5 4.Qb3 dxc4 5.Qxc4 Be6 6.Qb5+ Bd7 7.Qb3 c5 8.d5 Qb6
9.e4 Na6 10.Qxb6 axb6 11.Bd2 e6 12.dxe6 Bxe6 13.Nf3 O-O-O 14.Bb5 h6 15.O-O-O
g5 16.Rhe1 Bg7 17.Na4 Kb8 18.Nxb6 Bxa2 19.Bc3 Be6 20.Nd5 Nh5 21.Ne5 Nb4 22.Bc4
b5 23.Bxb5 Bxd5 24.exd5 Rxd5 25.Bc4 Rxd1+ 26.Rxd1 Kc8 27.Nxf7 Rf8 28.g4 {#r}
1-0

[Event "Ch Sweden (team) 2011/12"]
[Site "masterchessopen.com – Sweden"]
[Date "2012.03.09"]
[Round "7"]
[White "Semcesen Daniel (SWE)"]
[Black "Lokander Martin (SWE)"]
[Result "1-0"]
[WhiteElo "2462"]
[BlackElo "2221"]

1.d4 Nf6 2.c4 g6 3.Nc3 d5 4.Qb3 dxc4 5.Qxc4 Bg7 6.e4 O-O 7.Be2 a6 8.Bf4 b5
9.Qxc7 Qxc7 10.Bxc7 Bb7 11.f3 Nc6 12.d5 Nd4 13.Bd3 Nd7 14.Rd1 Nc5 15.Bb1 b4
16.Nce2 Nxe2 17.Nxe2 a5 18.b3 a4 19.bxa4 Rfc8 20.d6 Ne6 21.Bb6 exd6 22.a5 Be5
23.O-O Ba6 24.Rf2 Nc5 25.g3 Na4 26.Nf4 Nc3 27.Re1 Bxf4 28.gxf4 Ne2+ 29.Kg2
Nxf4+ 30.Kg3 Nh5+ 31.Kh4 Nf6 32.Rd2 Rc3 33.Kg3 Rc6 34.Red1 Ne8 35.Rb2 Rc3
36.Rdd2 Kf8 37.Rxb4 Ke7 38.Rbd4 Bc4 39.Rc2 Rxc2 40.Bxc2 Bxa2 41.Ba4 Nf6 42.Rd2
Be6 43.Bc6 Rg8 44.e5 dxe5 45.Bc5# 1-0

[Event "Ch Europe (team) (juniors) (under 18)"]
[Site "masterchessopen.com – Pardubice (Czech Republic)"]
[Date "2012.07.16"]
[Round "6"]
[White "Sadzikowski Daniel (POL)"]
[Black "Bagi Mate (HUN)"]
[Result "1-0"]
[WhiteElo "2433"]
[BlackElo "2365"]

1.d4 Nf6 2.c4 g6 3.Nc3 d5 4.Qb3 dxc4 5.Qxc4 Bg7 6.e4 O-O 7.Be2 a6 8.Bf4 b5
9.Qxc7 Qxc7 10.Bxc7 Bb7 11.f3 Nc6 12.d5 Nd4 13.Rd1 Nd7 14.Bd3 Nc5 15.Bb6 Rac8
16.Nge2 Nxe2 17.Kxe2 Bxc3 18.bxc3 Na4 19.Bd4 Nxc3+ 20.Bxc3 Rxc3 21.Rc1 Rfc8
22.Rxc3 Rxc3 23.Kd2 Rc7 24.a4 bxa4 25.Ra1 Bc8 26.Rxa4 Ra7 27.Kc3 f6 28.Kd4 Kf8
29.Bb5 Ra8 30.Bc6 Rb8 31.Kc5 Kf7 32.Rb4 Rxb4 33.Kxb4 e5 34.d6 Ke6 35.Kc5 g5
36.g4 a5 37.Ba4 h6 38.h3 Bb7 39.d7 Ke7 40.Kb6 {#r} 1-0

[Event "Cup Russia (open)"]
[Site "masterchessopen.com – Vladivostok (Russia)"]
[Date "2012.09.17"]
[Round "1"]
[White "Aleksandrov Aleksej (BLR)"]
[Black "Vitinik Mikhail (RUS)"]
[Result "1-0"]
[WhiteElo "2602"]
[BlackElo "2216"]

1.d4 Nf6 2.c4 g6 3.Nc3 d5 4.Qb3 dxc4 5.Qxc4 Bg7 6.e4 O-O 7.Be2 Be6 8.d5 Bd7
9.Qb3 Bc8 10.Nf3 c6 11.O-O Nbd7 12.dxc6 bxc6 13.e5 Nc5 14.Qa3 Nfd7 15.Bc4 Qc7
16.Re1 a5 17.Be3 Na6 18.e6 fxe6 19.Bxe6+ Kh8 20.Ng5 Nb4 21.Nce4 Ne5 22.Bd2
Ned3 23.Bc3 Bxc3 24.Qxc3+ Qe5 25.Red1 Kg7 26.Bxc8 Raxc8 27.Ne6+ Kg8 28.Qxe5
Nxe5 29.Nxf8 Kxf8 {#r} 1-0

[Event "It (cat.7)"]
[Site "masterchessopen.com – Budapest (Hungary)"]
[Date "2012.10.11"]
[Round "5"]
[White "Lalic Bogdan (ENG)"]
[Black "Codenotti Marco (ITA)"]
[Result "1-0"]
[WhiteElo "2488"]
[BlackElo "2334"]

1.d4 Nf6 2.c4 g6 3.Nc3 d5 4.Qb3 dxc4 5.Qxc4 Bg7 6.e4 O-O 7.Be2 Nfd7 8.Be3 e5
9.Nf3 exd4 10.Bxd4 Nb6 11.Qc5 N8d7 12.Qa5 Bxd4 13.Nxd4 Qf6 14.Rd1 Ne5 15.O-O
Rd8 16.Qc5 Qg5 17.Kh1 Qf6 18.f4 Ng4 19.e5 Qg7 20.Qxc7 Rd7 21.Qc5 Ne3 22.Ne6
fxe6 23.Qxe3 {#r} 1-0

[Event "Ch American Continental"]
[Site "masterchessopen.com – Mar del Plata (Argentina)"]
[Date "2012.10.12"]
[Round "1"]
[White "Elias Roberto (ARG)"]
[Black "De Paiva Pedro Henrique (BRA)"]
[Result "1-0"]
[WhiteElo "1885"]
[BlackElo "2289"]

1.d4 Nf6 2.c4 g6 3.Nc3 d5 4.Qb3 dxc4 5.Qxc4 Be6 6.Qa4+ c6 7.Nf3 Bg7 8.e4 O-O
9.Be2 a5 10.a3 b5 11.Qc2 a4 12.Bf4 Nbd7 13.O-O Bb3 14.Qd2 Qb6 15.Bd1 Bc4
16.Re1 Rfd8 17.Be2 Bb3 18.Bd1 Bc4 19.Be2 Bb3 20.Bd3 Be6 21.Ng5 Nf8 22.Be3 Bc4
23.Be2 Bb3 24.Bd1 Bxd1 25.Qxd1 Qa5 26.Qd2 h6 27.Nf3 c5 28.Qd3 b4 29.Nb5 {#r}
1-0